000 00338nam a2200133Ia 4500
008 240624s9999 xx 000 0 und d
041 _aeng
082 _a658.4092 COH
100 _aCOHAN PETER S
245 _aVALUE LEADERSHIP THE 7 PRINCIPLES THAT D
260 _c2008
_aNew Delhi
_bWiley India
300 _a320 : p.
365 _cRS
_b33.33
999 _c9217
_d9217